Fr. Conceicao Rodrigues College of Engineering

Wheldon''''s Cost Accounting (Record no. 30765)

MARC details
000 -LEADER
fixed length control field 00343nam a2200145Ia 4500
082 ## - DEWEY DECIMAL CLASSIFICATION NUMBER
Classification number 657.4
100 ## - MAIN ENTRY--PERSONAL NAME
Personal name Owler/L.W.J; Brown/J.L
245 ## - TITLE STATEMENT
Title Wheldon''''s Cost Accounting
260 ## - PUBLICATION, DISTRIBUTION, ETC.
Name of publisher, distributor, etc. English language book society
Place of publication, distribution, etc. London
Date of publication, distribution, etc. 1973
300 ## - PHYSICAL DESCRIPTION
Extent 688
546 ## - LANGUAGE NOTE
Language note ENGLISH
650 ## - SUBJECT ADDED ENTRY--TOPICAL TERM
Topical term or geographic name entry element Economics
654 ## - SUBJECT ADDED ENTRY--FACETED TOPICAL TERMS
Focus term Cost Accounting
942 ## - ADDED ENTRY ELEMENTS (KOHA)
Koha item type BOOK
Holdings
Withdrawn status Lost status Damaged status Not for loan Collection Home library Current library Date acquired Cost, normal purchase price Inventory number Total Checkouts Full call number Barcode Date last seen Cost, replacement price Price effective from Koha item type
        AFT Fr. Agnel's C.Rodrigues College of Engineering Fr. Agnel's C.Rodrigues College of Engineering 17/03/2023 15.00 T-75   657.4 AFT1603 17/03/2023 15.00 17/03/2023 BOOK